| 000 | 00535pam a2200205 a 4500 | ||
|---|---|---|---|
| 020 | _c | ||
| 040 | _aMedical College Lib. | ||
| 041 |
_aENG _hENG |
||
| 082 |
_a616.079 _bMAL |
||
| 100 | _aMale, D . | ||
| 245 |
_aAdvanced Immunology / _c _hTextual Documents |
||
| 260 |
_a : : _bLippincott , , _c1987. |
||
| 300 |
_a667 ; _c |
||
| 365 | _a807=95 | ||
| 653 |
_aMicrobiology _aImmunology _aMedical Science |
||
| 700 |
_aChampion, B. . _aCook, A. . |
||
| 930 | _a3886 | ||
| 999 |
_c3885 _d3885 |
||